Nitrification and Denitrification in the Activated Sludge Process /

保存先:
書誌詳細
第一著者: Gerardi, Michael H. (autor)
フォーマット: 図書
言語:英語
出版事項: Nueva York, EUA : Wiley, 2002, c2002
シリーズ:(Wastewater Microbiology Series)
(Environmental Protection Magazine Series)
主題:
タグ: タグ追加
タグなし, このレコードへの初めてのタグを付けませんか!

MARC

LEADER 00000nam^a2200000^a^4500
001 000190395
005 20250521000000.0
009 20260310102447.507
020 |a 0-471-065080 
037 |a Acervo ITESO - Biblioteca 
041 |a ING 
082 |a 628. 354  |b GER 
100 |a Gerardi, Michael H.  |e (autor) 
245 1 0 |a Nitrification and Denitrification in the Activated Sludge Process /  |c M.H. Garardi. 
264 4 |a Nueva York, EUA :  |b Wiley,  |c 2002, c2002 
300 |a XII, 193 p. 
336 |a texto  |b txt  |2 rdacontenido 
337 |a sin mediación  |b n  |2 rdamedio 
338 |a volumen  |b nc  |2 rdasoporte 
440 1 |a (Wastewater Microbiology Series) 
440 1 |a (Environmental Protection Magazine Series) 
649 |a XX 
650 |a Nitrificación -  |x Tema Principal 
650 |a Aguas Residuales -  |x Biodegradación -  |x Tema Principal 
650 |a Aguas Residuales -  |x Purificación 
650 |a Desechos 
650 |a Ingeniería Sanitaria 
650 |a Ingeniería Ambiental 
910 |a Fondo General 
920 |a Impresos - Libros 
930 |a Colección General 
905 |a 101 
901 |a 0500133569  |b IT1  |c ACC  |u 20250521 
902 |a https://opac.biblio.iteso.mx/vufind/Record/000190395